Place names containing "hat" - Statistics

General Stats
  • This quiz has been taken 10 times
  • The average score is 6 of 18
Answer Stats
Clue Geographical entity % Correct
Island and borough of New York Manhattan
100%
Volcanic peninsula in eastern Russia, a territory in the game Risk Kamchatka
67%
Area of Harrow whose two words mean "emerge from an egg" and "finish" Hatch End
56%
City in eastern Tennessee Chattanooga
44%
City with a German suffix, housing the University of Southern Mississippi Hattiesburg
44%
Town on the Medway in Kent, and also in Ontario Chatham
33%
Canton, lake and town in French-speaking Switzerland, home of Xamax F.C. Neuchâtel
33%
Talkative-sounding Fenland town in Cambridgeshire Chatteris
22%
Official spelling of Chittagong in Bangladesh, suggesting a lightweight discussion Chattogram
22%
Indian state with an unusual double H Chhattisgarh
22%
Libyan district, and name for hills of India Ghat
22%
Rural-sounding Hertfordshire town infamous for a train crash in 2000 Hatfield
22%
Thai city Hat Yai
22%
Russian river; also one of the world's northernmost settlements - the name is the same as a Congolese province, but with an H added Khatanga
22%
Alberta city, perhaps where healthy headwear can be found Medicine Hat
22%
The river formed by the confluence of the Tigris and Euphrates Shatt al-Arab
22%
Gulf between Mumbai and Gujarat in India Gulf of Khambhat
0%
Major city in Punjab, Pakistan whose name starts with a word meaning small nail, tack Pindi Bhattian
0%
No matching quizzes found
Score Distribution
Percent of People with Each Score
Percentile by Number Answered
Your Score History
You have not taken this quiz